[Event "Lloyds Bank Masters 08th"]
[Site "London, Park Lane Hotel"]
[Date "1984.08.29"]
[Round "8"]
[White "Needham, Teresa M"]
[Black "Behling, Robert"]
[Result "1/2-1/2"]
[WhiteElo "2075"]
[BlackElo "2300"]
[PlyCount "39"]
[EventDate "1984.08.22"]
[EventType "swiss"]
[EventRounds "9"]
[EventCountry "ENG"]
[SourceTitle "BritBase"]
[Source "John Saunders"]
[SourceDate "2021.06.18"]
[SourceVersion "1"]
[SourceVersionDate "2021.06.18"]
[SourceQuality "2"]

1. e4 c6 2. d4 d5 3. Nc3 dxe4 4. Nxe4 Bf5 5. Ng3 Bg6 6. h4 h6 7. Nf3 Nd7 8. h5
Bh7 9. Bd3 Bxd3 10. Qxd3 e6 11. Bf4 Ngf6 12. O-O-O Be7 13. Qe2 O-O 14. Rh3 Nd5
15. Bd2 b5 16. Ne4 Qc7 17. Ng1 Kh8 18. Rf3 N7f6 19. Nxf6 Bxf6 20. Qe4 1/2-1/2

[Event "Lloyds Bank Masters 08th"]
[Site "London, Park Lane Hotel"]
[Date "1984.08.29"]
[Round "8"]
[White "Pasman, Michael"]
[Black "Hamid, Rani"]
[Result "1/2-1/2"]
[WhiteElo "2310"]
[BlackElo "2135"]
[PlyCount "28"]
[EventDate "1984.08.22"]
[EventType "swiss"]
[EventRounds "9"]
[EventCountry "ENG"]
[SourceTitle "BritBase"]
[Source "John Saunders"]
[SourceDate "2021.06.18"]
[SourceVersion "1"]
[SourceVersionDate "2021.06.18"]
[SourceQuality "2"]

1. e4 c5 2. c3 d5 3. exd5 Qxd5 4. d4 Nc6 5. Nf3 Bg4 6. Be2 e6 7. O-O Nf6 8. Be3
cxd4 9. cxd4 Be7 10. Nc3 Qd6 11. a3 O-O 12. b4 Rac8 13. Qd2 Qb8 14. Rac1 Rfd8 {
WIM norm for Hamid} 1/2-1/2

[Event "Lloyds Bank Masters 08th"]
[Site "London, Park Lane Hotel"]
[Date "1984.08.29"]
[Round "8"]
[White "Rechlis, Gad"]
[Black "Franklin, Michael J"]
[Result "1-0"]
[WhiteElo "2305"]
[BlackElo "2285"]
[PlyCount "57"]
[EventDate "1984.08.22"]
[EventType "swiss"]
[EventRounds "9"]
[EventCountry "ENG"]
[SourceTitle "BritBase"]
[Source "John Saunders"]
[SourceDate "2021.06.18"]
[SourceVersion "1"]
[SourceVersionDate "2021.06.18"]
[SourceQuality "2"]

1. Nf3 Nf6 2. c4 c5 3. e3 d6 4. d4 Nbd7 5. Nc3 g6 6. Be2 Bg7 7. O-O O-O 8. d5
Ne8 9. e4 Ne5 10. Ne1 f5 11. exf5 Bxf5 12. f4 Nf7 13. g4 Bd7 14. Kh1 Nc7 15. a4
a5 16. Nc2 Na6 17. Ne3 Nb4 18. Ne4 Bd4 19. Ra3 Qc7 20. Ng2 Rae8 21. f5 gxf5 22.
gxf5 Kh8 23. Bh5 Rd8 24. Rh3 Ne5 25. Bg6 Nxg6 26. Rxh7+ Kxh7 27. Qh5+ Kg8 28.
Qxg6+ Bg7 29. Bh6 1-0

[Event "Lloyds Bank Masters 08th"]
[Site "London, Park Lane Hotel"]
[Date "1984.08.29"]
[Round "8"]
[White "Savereide, Diane"]
[Black "Cox, John J"]
[Result "0-1"]
[WhiteElo "2230"]
[BlackElo "2320"]
[PlyCount "54"]
[EventDate "1984.08.22"]
[EventType "swiss"]
[EventRounds "9"]
[EventCountry "ENG"]
[SourceTitle "BritBase"]
[Source "John Saunders"]
[SourceDate "2021.06.18"]
[SourceVersion "1"]
[SourceVersionDate "2021.06.18"]
[SourceQuality "2"]

1. e4 c5 2. Nf3 e6 3. d4 cxd4 4. Nxd4 a6 5. Bd3 Nc6 6. Nxc6 dxc6 7. O-O e5 8.
Nc3 Nf6 9. f4 Bc5+ 10. Kh1 Ng4 11. Qe1 Qd4 12. Nd1 exf4 13. Bxf4 Be6 14. Qh4
Be7 15. Qg3 h5 16. Nf2 g5 17. Bd2 h4 18. Qf3 Nxh2 19. Kxh2 Bd6+ 20. Kg1 g4 21.
Bc3 Qxc3 22. bxc3 gxf3 23. gxf3 O-O-O 24. Kh1 Be5 25. a4 Bxc3 26. Rab1 Kc7 27.
Ng4 Rd4 0-1

[Event "Lloyds Bank Masters 08th"]
[Site "London, Park Lane Hotel"]
[Date "1984.08.29"]
[Round "8"]
[White "Wheeler, Mark"]
[Black "Arkell, Keith C"]
[Result "1-0"]
[WhiteElo "2190"]
[BlackElo "2345"]
[PlyCount "99"]
[EventDate "1984.08.22"]
[EventType "swiss"]
[EventRounds "9"]
[EventCountry "ENG"]
[SourceTitle "BritBase"]
[Source "John Saunders"]
[SourceDate "2021.06.18"]
[SourceVersion "1"]
[SourceVersionDate "2021.06.18"]
[SourceQuality "2"]

1. d4 c5 2. d5 e5 3. c4 d6 4. g3 f5 5. Bg2 Nf6 6. Nc3 g6 7. e4 fxe4 8. Nxe4
Nxe4 9. Bxe4 Bg7 10. Ne2 Bh3 11. Qb3 Qc8 12. Bg5 Nd7 13. Qd3 Nf6 14. Bxg6+ Kf8
15. Bxf6 Bxf6 16. Bxh7 Bg2 17. Rg1 Qh3 18. Be4 Bxe4 19. Qxe4 Qxh2 20. O-O-O
Qh6+ 21. Kc2 Ke8 22. Rh1 Qg5 23. Nf4 Kf7 24. Rh7+ Rxh7 25. Qxh7+ Qg7 26. Qh5+
Kg8 27. Ne6 Qh7+ 28. Qxh7+ Kxh7 29. Rh1+ Kg6 30. Kd3 a6 31. g4 b5 32. g5 bxc4+
33. Kxc4 Be7 34. Rh6+ Kf5 35. Rh7 Bxg5 36. Rf7+ Bf6 37. Nf8 Kg5 38. Nh7+ Kg6
39. Rxf6+ Kxh7 40. Rxd6 Rf8 41. Re6 Rxf2 42. Kxc5 Rc2+ 43. Kd6 Rxb2 44. Rxe5
Rxa2 45. Ke7 Ra5 46. Kf7 Kh6 47. Re6+ Kg5 48. d6 Rd5 49. Ke7 Kf5 50. d7 1-0

[Event "Lloyds Bank Masters 08th"]
[Site "London, Park Lane Hotel"]
[Date "1984.08.30"]
[Round "9"]
[White "Ady, Jonathan James"]
[Black "Khadilkar, Rohini"]
[Result "1-0"]
[WhiteElo "2290"]
[BlackElo "2115"]
[PlyCount "49"]
[EventDate "1984.08.22"]
[EventType "swiss"]
[EventRounds "9"]
[EventCountry "ENG"]
[SourceTitle "BritBase"]
[Source "John Saunders"]
[SourceDate "2021.06.18"]
[SourceVersion "1"]
[SourceVersionDate "2021.06.18"]
[SourceQuality "2"]

1. e4 e5 2. Nf3 Nc6 3. Bb5 Bc5 4. O-O Nd4 5. Nxd4 Bxd4 6. c3 Bb6 7. d4 c6 8.
Bc4 d6 9. f4 exd4 10. cxd4 Nf6 11. Nc3 O-O 12. Bb3 Bg4 13. Qd3 d5 14. e5 Ne4
15. h3 Bf5 16. g4 Nxc3 17. Qxc3 Be4 18. Be3 h5 19. f5 hxg4 20. f6 Qd7 21. Qe1
gxh3 22. Qh4 Rfe8 23. Kh2 Bg6 24. fxg7 Kxg7 25. Bh6+ 1-0

[Event "Lloyds Bank Masters 08th"]
[Site "London, Park Lane Hotel"]
[Date "1984.08.30"]
[Round "9"]
[White "Anand, Viswanathan"]
[Black "Greenfeld, Alon"]
[Result "1-0"]
[WhiteElo "2345"]
[BlackElo "2485"]
[PlyCount "159"]
[EventDate "1984.08.22"]
[EventType "swiss"]
[EventRounds "9"]
[EventCountry "ENG"]
[SourceTitle "BritBase"]
[Source "John Saunders"]
[SourceDate "2020.09.07"]
[SourceVersion "1"]
[SourceVersionDate "2020.09.07"]
[SourceQuality "2"]

1. e4 c5 2. Nf3 e6 3. Nc3 a6 4. d4 cxd4 5. Nxd4 Qc7 6. Be2 Nf6 7. O-O Nc6 8.
Be3 Bb4 9. Na4 O-O 10. Nxc6 bxc6 11. Nb6 Rb8 12. Nxc8 Rfxc8 13. Bxa6 Rd8 14.
Bd3 Bd6 15. Kh1 Be5 16. c3 Rxb2 17. Qc1 Ng4 18. f4 Nxe3 19. Qxb2 Rb8 20. Qf2
Nxf1 21. fxe5 Nxh2 22. Kxh2 Qxe5+ 23. Qg3 Qh5+ 24. Kg1 Qc5+ 25. Kh1 Ra8 26. Bc2
Qh5+ 27. Qh3 Qe5 28. Qd3 g6 29. Bb3 Ra5 30. Rf1 Qc7 31. Rf3 Rh5+ 32. Rh3 Rg5
33. Kg1 Qf4 34. Rf3 Qh4 35. Qe3 Re5 36. Qf4 Qxf4 37. Rxf4 g5 38. Rg4 f6 39. Bc2
Ra5 40. a4 Kf7 (40... Kf8 {given in Big Database 2020}) 41. Rg3 h5 42. Kf2 Ke7
43. Ke3 g4 44. Kd2 Rg5 45. Re3 Kd6 46. Re1 Ke5 47. Ke3 d5 48. a5 dxe4 49. Bxe4
f5 50. Bd3 f4+ 51. Kf2+ Kd6 52. Ra1 Rg8 53. a6 Kc7 54. Bc4 Kb6 55. Bxe6 Rg7 56.
Bc8 Ka7 57. Bb7 Rd7 58. Bxc6 Rc7 59. Be8 h4 60. Bh5 h3 61. Bxg4 hxg2 62. Be2
Rxc3 63. Kxg2 Rb3 64. Kf2 Rc3 (64... Rg3 {given in Big Database 2020}) 65. Ra4
Re3 66. Rxf4 Re7 67. Bc4 Kb6 68. Kf3 Rh7 69. Ke4 Kc5 70. Kd3 Rh3+ 71. Kc2 Rh1
72. Bf1 Rh7 73. Rf6 Kb4 74. Bg2 Rc7+ 75. Kd2 Rd7+ 76. Ke2 Rc7 77. Bb7 Rc2+ 78.
Kd3 Ra2 79. Kd4 Kb5 80. Rc6 {"First norm for 14-year-old Viswanathan Anand
from Madras, India. During the last twelve months he has had several excellent
results including 3rd in the World cadet, 10th in the World Junior, 4th in the
Indian Championship & winner of the Lloyds Bank Junior Invitation." (bulletin
- score amended 4 July 2021)} 1-0

[Event "Lloyds Bank Masters 08th"]
[Site "London, Park Lane Hotel"]
[Date "1984.08.30"]
[Round "9"]
[White "Arkell, Keith C"]
[Black "Lalic, Susan"]
[Result "1/2-1/2"]
[WhiteElo "2345"]
[BlackElo "1945"]
[PlyCount "21"]
[EventDate "1984.08.22"]
[EventType "swiss"]
[EventRounds "9"]
[EventCountry "ENG"]
[SourceTitle "BritBase"]
[Source "John Saunders"]
[SourceDate "2021.06.18"]
[SourceVersion "1"]
[SourceVersionDate "2021.06.18"]
[SourceQuality "2"]

1. c4 e6 2. d4 d5 3. Nc3 c6 4. Nf3 dxc4 5. a4 Bb4 6. e3 Nf6 7. Bxc4 O-O 8. O-O
Nbd7 9. Qb3 Qe7 10. a5 b6 11. axb6 1/2-1/2

[Event "Lloyds Bank Masters 08th"]
[Site "London, Park Lane Hotel"]
[Date "1984.08.30"]
[Round "9"]
[White "Barua, Dibyendu"]
[Black "Huenerkopf, Heinz"]
[Result "0-1"]
[WhiteElo "2450"]
[BlackElo "2255"]
[PlyCount "80"]
[EventDate "1984.08.22"]
[EventType "swiss"]
[EventRounds "9"]
[EventCountry "ENG"]
[SourceTitle "BritBase"]
[Source "John Saunders"]
[SourceDate "2021.06.18"]
[SourceVersion "1"]
[SourceVersionDate "2021.06.18"]
[SourceQuality "2"]

1. e4 c5 2. Nf3 d6 3. d4 cxd4 4. Nxd4 Nf6 5. Nc3 a6 6. Be2 e5 7. Nb3 Be7 8. O-O
O-O 9. Be3 Be6 10. Nd5 Nbd7 11. f4 Bxd5 12. exd5 exf4 13. Rxf4 b5 14. Bf3 Ne5
15. a4 Nfd7 16. Rb4 Bf6 17. Nd4 Re8 18. Bf2 bxa4 19. Nc6 Qc7 20. Raxa4 Nxf3+
21. Qxf3 Ne5 22. Nxe5 Rxe5 23. Qd3 g6 24. g3 Rae8 25. Rxa6 Re2 26. c3 Qe7 27.
Ra1 Bg5 28. Qf3 Rd2 29. Rd1 Rc2 30. h4 Bc1 31. Rf1 Qe2 32. Kg2 Bxb2 33. Rb7
Qxf3+ 34. Kxf3 Rxc3+ 35. Kg4 h5+ 36. Kh3 Rc2 37. Bg1 Ree2 38. Rfxf7 Bd4 39.
Rfd7 Bxg1 40. Rg7+ Kf8 0-1

[Event "Lloyds Bank Masters 08th"]
[Site "London, Park Lane Hotel"]
[Date "1984.08.30"]
[Round "9"]
[White "Bell, Stephen"]
[Black "Hebden, Mark L"]
[Result "1-0"]
[WhiteElo "2225"]
[BlackElo "2480"]
[PlyCount "95"]
[EventDate "1984.08.22"]
[EventType "swiss"]
[EventRounds "9"]
[EventCountry "ENG"]
[SourceTitle "BritBase"]
[Source "John Saunders"]
[SourceDate "2021.06.18"]
[SourceVersion "1"]
[SourceVersionDate "2021.06.18"]
[SourceQuality "2"]

1. Nf3 Nf6 2. c4 g6 3. d4 Bg7 4. Nc3 d6 5. Bg5 c6 6. e3 Qa5 7. Bh4 a6 8. a3 Ne4
9. Qa4 Qxa4 10. Nxa4 Nd7 11. Bd3 Nef6 12. Rc1 b5 13. Nc3 O-O 14. O-O Bb7 15.
Nd2 Rac8 16. b4 Nb6 17. Bxf6 exf6 18. Nce4 bxc4 19. Nxd6 cxd3 20. Nxb7 Nd5 21.
Nc5 f5 22. Nxd3 f4 23. e4 Ne7 24. Nb3 Rfd8 25. Rc4 g5 26. h4 h6 27. h5 Rd6 28.
Ndc5 Ra8 29. g4 Nc8 30. Nb7 Rd7 31. N7a5 Nd6 32. Rc2 Nxe4 33. Nxc6 f5 34. Re1
Kh7 35. gxf5 Nd6 36. Re7 Rxe7 37. Nxe7 Nb5 38. a4 Nxd4 39. Nxd4 Bxd4 40. Rd2
Bg7 41. Rd7 Kh8 42. Nd5 Rf8 43. b5 axb5 44. axb5 Rxf5 45. b6 Bd4 46. b7 Ba7 47.
Rd8+ Kg7 48. Ra8 1-0

[Event "Lloyds Bank Masters 08th"]
[Site "London, Park Lane Hotel"]
[Date "1984.08.30"]
[Round "9"]
[White "Chandler, Murray G"]
[Black "Spassky, Boris Vasilievich"]
[Result "1/2-1/2"]
[WhiteElo "2540"]
[BlackElo "2590"]
[PlyCount "29"]
[EventDate "1984.08.22"]
[EventType "swiss"]
[EventRounds "9"]
[EventCountry "ENG"]
[SourceTitle "BritBase"]
[Source "John Saunders"]
[SourceDate "2021.06.18"]
[SourceVersion "1"]
[SourceVersionDate "2021.06.18"]
[SourceQuality "2"]

1. e4 e5 2. Nf3 Nc6 3. Bb5 Nf6 4. O-O Bc5 5. Nxe5 Nxe5 6. d4 a6 7. Be2 Ba7 8.
dxe5 Nxe4 9. Bd3 Qh4 10. Qf3 d5 11. exd6 Nxd6 12. Re1+ Be6 13. g3 Qh3 14. Nc3
O-O-O 15. Bf4 1/2-1/2

[Event "Lloyds Bank Masters 08th"]
[Site "London, Park Lane Hotel"]
[Date "1984.08.30"]
[Round "9"]
[White "Franklin, Michael J"]
[Black "Jackson, Sheila"]
[Result "1/2-1/2"]
[WhiteElo "2285"]
[BlackElo "2190"]
[PlyCount "47"]
[EventDate "1984.08.22"]
[EventType "swiss"]
[EventRounds "9"]
[EventCountry "ENG"]
[SourceTitle "BritBase"]
[Source "John Saunders"]
[SourceDate "2021.06.18"]
[SourceVersion "1"]
[SourceVersionDate "2021.06.18"]
[SourceQuality "2"]

1. d4 Nf6 2. Nf3 e6 3. Bf4 c5 4. e3 Be7 5. h3 O-O 6. Nbd2 b6 7. c3 Bb7 8. Be2
d5 9. O-O Nbd7 10. Ne5 Nxe5 11. Bxe5 Nd7 12. Bh2 f5 13. Nf3 Kh8 14. Ne5 Nxe5
15. Bxe5 c4 16. f4 Bc6 17. g4 Bf6 18. gxf5 exf5 19. Kh2 b5 20. Qd2 Qe7 21. Bf3
a5 22. Kg1 Ra7 23. Qg2 Qd7 24. Qd2 1/2-1/2

[Event "Lloyds Bank Masters 08th"]
[Site "London, Park Lane Hotel"]
[Date "1984.08.30"]
[Round "9"]
[White "Lane, Gary William"]
[Black "Savereide, Diane"]
[Result "1-0"]
[WhiteElo "2310"]
[BlackElo "2230"]
[PlyCount "63"]
[EventDate "1984.08.22"]
[EventType "swiss"]
[EventRounds "9"]
[EventCountry "ENG"]
[SourceTitle "BritBase"]
[Source "John Saunders"]
[SourceDate "2021.06.18"]
[SourceVersion "1"]
[SourceVersionDate "2021.06.18"]
[SourceQuality "2"]

1. e4 c5 2. c3 Nf6 3. e5 Nd5 4. d4 cxd4 5. Nf3 Nc6 6. Bc4 e6 7. cxd4 d6 8. exd6
Qxd6 9. O-O Be7 10. Nc3 O-O 11. Nb5 Qd8 12. Be3 Bd7 13. Nc3 Ncb4 14. Bb3 Rc8
15. a3 Nxc3 16. bxc3 Nd5 17. c4 Nb6 18. Ne5 Bf6 19. Qg4 Ba4 20. Ba2 Qe7 21. Qg3
Kh8 22. Rfc1 Nd7 23. Rc3 Bxe5 24. dxe5 Nc5 25. f3 Rfd8 26. Rf1 Rd3 27. Rxd3
Nxd3 28. Bb1 Qxa3 29. Qh4 b6 30. Qe4 Rd8 31. Bd4 Rxd4 32. Qa8+ 1-0

[Event "Lloyds Bank Masters 08th"]
[Site "London, Park Lane Hotel"]
[Date "1984.08.30"]
[Round "9"]
[White "Thipsay, Praveen Mahadeo"]
[Black "Nicholson, John G"]
[Result "1-0"]
[WhiteElo "2445"]
[BlackElo "2295"]
[PlyCount "91"]
[EventDate "1984.08.22"]
[EventType "swiss"]
[EventRounds "9"]
[EventCountry "ENG"]
[SourceTitle "BritBase"]
[Source "John Saunders"]
[SourceDate "2021.06.18"]
[SourceVersion "1"]
[SourceVersionDate "2021.06.18"]
[SourceQuality "2"]

1. e4 c5 2. Nf3 e6 3. d4 cxd4 4. Nxd4 Nf6 5. Nc3 d6 6. f4 Nc6 7. Be3 e5 8. Nf3
Ng4 9. Bc1 exf4 10. Bxf4 Be7 11. Qd2 O-O 12. Bc4 Nge5 13. Bb3 Be6 14. Nd5 Nxf3+
15. gxf3 Ne5 16. Qe3 Kh8 17. O-O-O Bxd5 18. Rxd5 Qc7 19. Rhd1 a5 20. Bxe5 dxe5
21. Rd7 Bc5 22. Qc3 Qb6 23. Qxe5 a4 24. Bxf7 a3 25. Bb3 Be3+ 26. Kb1 Bh6 27.
Qd5 axb2 28. Qxb7 Qe3 29. Kxb2 Bg5 30. R7d3 Qc5 31. Qd5 Qa3+ 32. Kb1 h6 33. Qd6
Qa5 34. a4 Rfb8 35. Qc6 Bf6 36. Rd5 Qb4 37. e5 Be7 38. Rb5 Rxb5 39. Qxb5 Qa3
40. f4 Bb4 41. Qc6 Rf8 42. Rf1 Be7 43. f5 Rb8 44. Qc4 Kh7 45. f6 gxf6 46. exf6
1-0

[Event "Lloyds Bank Masters 08th"]
[Site "London, Park Lane Hotel"]
[Date "1984.08.30"]
[Round "9"]
[White "Thornton, Mark"]
[Black "Ficsor, Laszlo"]
[Result "1-0"]
[WhiteElo "2070"]
[BlackElo "2005"]
[PlyCount "61"]
[EventDate "1984.08.22"]
[EventType "swiss"]
[EventRounds "9"]
[EventCountry "ENG"]
[SourceTitle "BritBase"]
[Source "John Saunders"]
[SourceDate "2021.06.18"]
[SourceVersion "1"]
[SourceVersionDate "2021.06.18"]
[SourceQuality "2"]

1. d4 c6 2. e4 d5 3. e5 Bf5 4. g4 Be4 5. f3 Bg6 6. h4 h6 7. e6 fxe6 8. Bd3 Bxd3
9. Qxd3 Qd6 10. Ne2 Nd7 11. Bf4 Qb4+ 12. Nbc3 O-O-O 13. Qe3 Ngf6 14. Kf2 Ne8
15. a3 Qa5 16. b4 Qa6 17. a4 e5 18. dxe5 e6 19. Rhb1 b6 20. Nd4 c5 21. Nxe6
cxb4 22. Nb5 Bc5 23. Nxc5 Nxc5 24. Rxb4 Rf8 25. e6 Rf6 26. e7 Rd7 27. Rab1 Re6
28. Qd4 Qb7 29. Qxc5+ Rc6 30. Nxa7+ Qxa7 31. Qxc6+ 1-0

[Event "Lloyds Bank Masters 08th"]
[Site "London, Park Lane Hotel"]
[Date "1984.08.30"]
[Round "9"]
[White "Wall, Tim"]
[Black "Upton, Timothy J"]
[Result "0-1"]
[WhiteElo "2220"]
[BlackElo "2340"]
[PlyCount "80"]
[EventDate "1984.08.22"]
[EventType "swiss"]
[EventRounds "9"]
[EventCountry "ENG"]
[SourceTitle "BritBase"]
[Source "John Saunders"]
[SourceDate "2020.09.07"]
[SourceVersion "1"]
[SourceVersionDate "2020.09.07"]
[SourceQuality "2"]

1. g4 e5 2. h3 Ne7 3. d4 exd4 4. Qxd4 Nbc6 5. Qa4 d5 6. Bg2 Be6 7. Nc3 d4 8.
Ne4 Nd5 9. Nf3 Bb4+ 10. Bd2 Bxd2+ 11. Nexd2 Nf4 12. Rg1 O-O 13. Nb3 Bd5 14. Kf1
Re8 15. Re1 Qf6 16. g5 Qf5 17. Nbxd4 Nxd4 18. Qxd4 Nxg2 19. Rxg2 Bxf3 20. exf3
Rxe1+ 21. Kxe1 Re8+ 22. Kd2 Qa5+ 23. b4 Qb5 24. Rg1 Qe2+ 25. Kc1 Qxf3 26. h4 g6
27. Rd1 Re4 28. Qf6 Qf4+ 29. Kb2 (29. Kb1 {given in Big/Mega Database 2020 but
Kb2 given in the bulletin}) 29... Rxb4+ 30. Ka1 Qxf6+ 31. gxf6 h5 32. Rd8+ Kh7
33. Rf8 Rxh4 34. Rxf7+ Kh6 35. Rxc7 Rf4 36. f7 Kg7 37. Rxb7 Rxf7 38. Rb4 Rxf2
39. Kb2 g5 40. a4 h4 {Amended 4 July 2021} 0-1

[Event "Lloyds Bank Masters 08th"]
[Site "London, Park Lane Hotel"]
[Date "1984.08.30"]
[Round "9"]
[White "Watson, William N"]
[Black "Rechlis, Gad"]
[Result "1-0"]
[WhiteElo "2450"]
[BlackElo "2305"]
[PlyCount "111"]
[EventDate "1984.08.22"]
[EventType "swiss"]
[EventRounds "9"]
[EventCountry "ENG"]
[SourceTitle "BritBase"]
[Source "John Saunders"]
[SourceDate "2021.06.18"]
[SourceVersion "1"]
[SourceVersionDate "2021.06.18"]
[SourceQuality "2"]

1. e4 c5 2. Nc3 Nc6 3. f4 e6 4. Nf3 Nge7 5. d4 cxd4 6. Nxd4 Nxd4 7. Qxd4 Nc6 8.
Qf2 Bb4 9. Bd3 b6 10. O-O Bb7 11. e5 d6 12. Qg3 Qd7 13. Nb5 O-O 14. Be3 a6 15.
Nxd6 Bxd6 16. exd6 Qxd6 17. Rad1 Qc7 18. Qf2 b5 19. Bb6 Qb8 20. Bc5 Re8 21. f5
Qe5 22. fxe6 Qxe6 23. Bf5 Qf6 24. Rd6 Qe5 25. Bd7 Nd8 26. Bxe8 Qxe8 27. Bb6 Ne6
28. Rfd1 h6 29. Qf5 Rc8 30. c3 Bc6 31. h3 Qe7 32. Bf2 Qb7 33. Qg4 Re8 34. Re1
Rf8 35. Rd3 Ng5 36. Bc5 f5 37. Qh5 Rf7 38. Qg6 Qc7 39. Red1 Bd7 40. Bb6 Qb7 41.
Rxd7 Rxd7 42. Qe8+ Kh7 43. Qxd7 Qxb6+ 44. Qd4 Qe6 45. Qf2 Ne4 46. Qf4 g5 47.
Qc7+ Kg6 48. Qd7 Qb6+ 49. Rd4 Nf6 50. Qd6 Qa7 51. Qc6 g4 52. Kh2 h5 53. Rd6 Qg7
54. Qxa6 Kg5 55. h4+ Kg6 56. g3 1-0

[Event "Lloyds Bank Masters 08th"]
[Site "London, Park Lane Hotel"]
[Date "1984.08.30"]
[Round "9"]
[White "Wells, Peter K"]
[Black "Strauss, David J"]
[Result "1/2-1/2"]
[WhiteElo "2350"]
[BlackElo "2425"]
[PlyCount "74"]
[EventDate "1984.08.22"]
[EventType "swiss"]
[EventRounds "9"]
[EventCountry "ENG"]
[SourceTitle "BritBase"]
[Source "John Saunders"]
[SourceDate "2021.06.18"]
[SourceVersion "1"]
[SourceVersionDate "2021.06.18"]
[SourceQuality "2"]

1. d4 Nf6 2. c4 g6 3. Nc3 Bg7 4. e4 d6 5. Be2 O-O 6. Nf3 e5 7. O-O Nbd7 8. Be3
h6 9. dxe5 dxe5 10. Nd2 Nh7 11. c5 Ng5 12. b4 Ne6 13. Nb3 Nf4 14. Bc4 c6 15.
Ne2 Qh4 16. f3 Qg5 17. Nxf4 exf4 18. Bd4 Ne5 19. Qe2 Bh3 20. Bxe5 Bxe5 21. Rad1
Rad8 22. b5 Bc8 23. bxc6 bxc6 24. Ba6 Be6 25. Bc4 Bc8 26. Ba6 Be6 27. Bc4 Rxd1
28. Rxd1 Bxc4 29. Qxc4 Rd8 30. Qc2 Kf8 31. Kf1 Ke8 32. Na5 Rxd1+ 33. Qxd1 Bc7
34. Nb3 Be5 35. Qd3 Qe7 36. Qa6 Qd7 37. Ke2 Kf8 1/2-1/2

[Event "Lloyds Bank Masters 08th"]
[Site "London, Park Lane Hotel"]
[Date "1984.08.30"]
[Round "9"]
[White "Zueger, Beat"]
[Black "Murshed, Niaz"]
[Result "1-0"]
[WhiteElo "2385"]
[BlackElo "2405"]
[PlyCount "89"]
[EventDate "1984.08.22"]
[EventType "swiss"]
[EventRounds "9"]
[EventCountry "ENG"]
[SourceTitle "BritBase"]
[Source "John Saunders"]
[SourceDate "2021.06.18"]
[SourceVersion "1"]
[SourceVersionDate "2021.06.18"]
[SourceQuality "2"]

1. c4 Nf6 2. Nc3 e6 3. g3 d5 4. Bg2 d4 5. Na4 Nc6 6. Nf3 e5 7. O-O Be7 8. d3
O-O 9. a3 a5 10. Qc2 h6 11. Bd2 Bf5 12. b4 e4 13. Nh4 exd3 14. exd3 Bh7 15. Qb3
axb4 16. axb4 Ne5 17. Nb2 Rb8 18. Rfe1 Nfd7 19. Nf3 Nxf3+ 20. Bxf3 Bg5 21. Qd1
c6 22. Bxg5 hxg5 23. Qe2 Nf6 24. Qe7 g4 25. Qxd8 Rfxd8 26. Bg2 Ra8 27. b5 cxb5
28. cxb5 Rxa1 29. Rxa1 b6 30. Bc6 Bf5 31. Ra4 Kf8 32. Kf1 Rd6 33. Ra8+ Ke7 34.
Ra7+ Ke6 35. Ke2 Nd5 36. Kd2 Nb4 37. Bg2 Nd5 38. Nc4 Rd8 39. Rb7 Bg6 40. Bxd5+
Kxd5 41. Rxb6 Kc5 42. Rb7 Ra8 43. b6 Ra2+ 44. Kc1 Bxd3 45. Rc7+ {time} 1-0